000 00948cam a22002411 4500
001 e 40000408
003 DLC
005 20260227111228.0
008 790917r1939uuuunyua 000 0 eng c
010 _ae 40000408
035 _a(OCoLC)5382408
040 _aU.S. Off. of Educ. Library
_cOCl
_dOCoLC
_dDLC
042 _apremarc
050 0 0 _aHF5381
_b.N34 1939
110 2 _aNational Occupational Conference.
245 1 4 _aThe record of accomplishment;
_bfinal report of the director,
_cNational occupational conference. 1933-1939.
260 _aNew York, N.Y.,
_bNational occupational conference
_c[1939]
300 _a18, [2] p.
_billus.
_c26 cm.
500 _aSigned: Edwin A. Lee, director.
500 _a"Reprinted, with additions as of September 30, 1939, from Occupations, the vocational guidance magazine, June, 1939, pp. 773-785."--p. [5]
610 2 0 _aNational Occupational Conference.
700 1 _aLee, Edwin Augustus,
_d1888-1966.
999 _c21717
_d21717